Comuni della Provincia di Perugia (con mappa) - Statistics

Statistiche generali
  • Questo quiz è stato fatto 73 volte
  • Il punteggio medio è 31 su 59
Risposte nella Mappa
Le risposte nella mappa del quiz sottostante sono codificate secondo una scala di colori dal rosso al verde in base alla % di persone che hanno risposto correttamente.
 
Statistiche sulle risposte
Risposta % Corretto
Città di Castello
97%
Gubbio
97%
Perugia
97%
Assisi
94%
Foligno
91%
Spoleto
85%
Norcia
82%
Todi
82%
Corciano
79%
Gualdo Tadino
79%
Umbertide
79%
Spello
76%
Deruta
73%
Bastia Umbra
70%
Magione
70%
Castiglione del Lago
67%
Marsciano
64%
Nocera Umbra
64%
Passignano sul Trasimeno
64%
San Giustino
64%
Cascia
61%
Trevi
61%
Tuoro sul Trasimeno
58%
Bevagna
55%
Montefalco
52%
Montone
52%
Pietralunga
52%
Torgiano
52%
Città della Pieve
48%
Gualdo Cattaneo
48%
Monte Santa Maria Tiberina
48%
Campello sul Clitunno
45%
Giano dell'Umbria
45%
Panicale
45%
Bettona
42%
Citerna
42%
Cannara
39%
Valfabbrica
39%
Valtopina
39%
Sigillo
36%
Fossato di Vico
33%
Fratta Todina
33%
Lisciano Niccone
33%
Massa Martana
33%
Paciano
33%
Piegaro
33%
Costacciaro
30%
Preci
30%
Sant'Anatolia di Narco
30%
Scheggia e Pascelupo
30%
Castel Ritaldi
27%
Collazzone
27%
Monteleone di Spoleto
27%
Scheggino
27%
Cerreto di Spoleto
24%
Sellano
24%
Vallo di Nera
24%
Monte Castello di Vibio
21%
Poggiodomo
18%
Nessun quiz corrispondente trovato
Distribuzione punteggi
Percentuale di utenti per punteggio
Percentile per numero di risposta
I tuoi punteggi nel tempo
Non hai fatto questo quiz